000 00579nam a22001217a 4500
008 110627t xxu||||| |||| 00| 0 eng d
010 _aHCCS F91
245 _aThe High Court Civil Suit No. 348 of 1991. Ismail Jaffer Allibhai Two Others Vs Nandial Harjivan Karia and nother.
260 _c348/1991/1
500 _aBefore : The Hon. The Principal Judge Mr. Justice J.H. Ntabgoba.
999 _c4062
_d4062